00498nam a22001457a 4500020000800000040001600008082001300024100003400037245008400071260003900155300003200194942001200226999001900238952009500257 qPB. cFIZZA ISHAQ a420bDOH a Doherty , Brendan J.9134106 aClash of Ideals: Cases in American Political Development /cBrendan J. Doherty. aNew York:bLanahan Pub Inc,c2010. a151 P. ;c8.4 x 5.6 inches, 2ddccBK c617041d617041 00102ddc4070aNQCbNQCcGENd2026-04-14l0o420 DOHpQD-498r2026-04-14w2026-04-14yBK